Worldwide Gun Ownership Quiz Stats

 Plays Quiz Updated Feb 13, 2019

     
Support Sporcle.
Go Orange.
Score 0/24 Timer 05:00
0 Plays Today
Rank Country % Correct
1United States
99.7%
13Canada
85.7%
15=Germany
73.1%
12France
68.2%
8Iraq
60.5%
10Sweden
58.4%
11Norway
57.2%
4Finland
55.5%
3Switzerland
51.3%
7Saudi Arabia
43.6%
14Austria
43.2%
23Greece
40.6%
Rank Country % Correct
22New Zealand
38.8%
15=Iceland
38.4%
2Yemen
34.9%
24United Arab Emirates
34.9%
17Oman
32.3%
18=Kuwait
28.8%
5Serbia
26.9%
18=Bahrain
22.3%
20North Macedonia
16.5%
6Cyprus
16.3%
21Montenegro
16%
9Uruguay
11.3%

From the Vault

Greek God Picture Click

by BanjoZebra

Religion 90s
The Greek gods are just divine.
Remove Ads.
Support Sporcle.
Get the best of Sporcle when you Go Orange. This ad-free experience offers more features, more stats, and more fun while also helping to support Sporcle. Thank you for becoming a member.

Show Comments

Extras

Top Quizzes Today


Score Distribution

Your Account Isn't Verified!

In order to create a playlist on Sporcle, you need to verify the email address you used during registration. Go to your Sporcle Settings to finish the process.

Report this User

Report this user for behavior that violates our Community Guidelines.

Details: